00370cam a2200157ua 45000010005000000080039000050400009000440820013000531000025000662450037000912500009001282600029001373000013001666530019001796530014001983083110928n ii |||gr||||Z||||||asm cMAIN a891.4513 aKalita, Satyaranjan,11aGun pointcby Satyaranjan Kalita a1st. aKolkata:bEducation,976. a83p:5cm. aAssamese novel aGun point